000 00606cam a22002293a 4500
001 853
003 PGUSA
005 20140828082953.0
008 970301s1997||||xxu|||||s|||||000 | eng d
040 _aPGUSA
_beng
042 _adc
050 4 _aBX
245 1 4 _aThe Confutatio Pontificia
_h[electronic resource]
260 _bProject Gutenberg,
_c1997
506 _aPublic domain in the USA.
516 _aElectronic text
653 _aProtestantism
700 1 _aReu, Johann Michael,
_d1869-1943
830 0 _aProject Gutenberg
_v853
856 4 0 _uhttp://www.gutenberg.org/ebooks/853
942 _cEB
999 _c230204
_d230204